Our beloved polites : studies presented to P.J. Rhodes /

Bibliographic Details
Other Authors: Leao, Delfim (Editor), Ferreira, Daniela (Editor), Rodrigues, Nuno Simoes (Editor), Morais, Rui (Editor)
Format: eBook
Language:English
Published: Oxford : Archaeopress Archaeology, 2022.
Subjects:
Online Access:Connect to the full text of this electronic book

MARC

Tag First Indicator Second Indicator Subfields
LEADER 00000nam a22000001i 4500
001 in00004741997
006 m |o d |
007 cr |n|||||||||
008 230511t20222022enka ob 011 0 eng d
005 20230907182412.1
020 |a 9781803271712 (electronic bk.) 
020 |a 180327171X (electronic bk.) 
020 |z 1803271701 
020 |z 9781803271705 
035 |a (NhCcYBP)jstor22573/CTV2WR5Q8D 
040 |a NhCcYBP  |c NhCcYBP 
043 |a e-gr--- 
050 4 |a DF77  |b .O97 2022 
082 0 4 |a 938  |2 23 
245 0 0 |a Our beloved polites :  |b studies presented to P.J. Rhodes /  |c edited by Delfim Leao, Daniela Ferreira, Nuno Simoes Rodrigues and Rui Morais. 
264 1 |a Oxford :  |b Archaeopress Archaeology,  |c 2022. 
264 4 |c ©2022 
300 |a 1 online resource. 
336 |a text  |b txt  |2 rdacontent 
337 |a computer  |b c  |2 rdamedia 
338 |a online resource  |b cr  |2 rdacarrier 
500 |a Description based on print version record. 
504 |a Includes bibliographical references and index. 
588 |a Description based on print version record. 
651 0 |a Greece  |x History  |y To 146 B.C. 
651 0 |a Greece  |x Civilization  |y To 146 B.C. 
655 7 |a Electronic books.  |2 local 
700 1 |a Rhodes, P.J.  |e honoree 
700 1 |a Leao, Delfim,  |e editor. 
700 1 |a Ferreira, Daniela,  |e editor. 
700 1 |a Rodrigues, Nuno Simoes,  |e editor. 
700 1 |a Morais, Rui,  |e editor. 
776 1 8 |c Original  |z 1803271701  |z 9781803271705 
856 4 0 |u http://proxy.library.tamu.edu/login?url=https://www.jstor.org/stable/10.2307/j.ctv2ws5363  |z Connect to the full text of this electronic book  |t 0 
955 |a JSTOR DDA record 
999 f f |s cde77b04-f21b-4b69-af96-4f4685f70254  |i ce10b912-8753-43f3-8888-46b91a10faf3  |t 0 
952 f f |a Texas A&M University  |b College Station  |c Electronic Resources  |d Available Online  |t 0  |e DF77 .O97 2022  |h Library of Congress classification 
998 f f |a DF77 .O97 2022  |t 0  |l Available Online